000 00456nam a2200169 i 4500
001 49578
003 ES-MaACL
005 20230906162021.0
007 t|
008 030718s1969 sp ||||1| spa d
100 1 _aCosta Viva, Olga.
_941120
245 1 0 _aPedro Salinas frente a la realidad /
_cOlga Costa Viva.
250 _a[1ยช ed.].
260 _aMadrid :
_bAlfaguara,
_c[1969]
300 _a160 p. ;
_c21 cm.
852 _aES-MaACL
_jC-35595
_bR.68914
999 _c49578
_d49578